Bireysel başvuru : (Record no. 200429711)

MARC details
000 -LEADER
fixed length control field 01302cam a2200397 i 4500
001 - CONTROL NUMBER
control field 200429711
003 - CONTROL NUMBER IDENTIFIER
control field TR-AnTOB
005 - DATE AND TIME OF LATEST TRANSACTION
control field 20240719093837.0
007 - PHYSICAL DESCRIPTION FIXED FIELD--GENERAL INFORMATION
fixed length control field ta
008 - FIXED-LENGTH DATA ELEMENTS--GENERAL INFORMATION
fixed length control field 171128s2017 tu 000 0 tur d
020 ## - INTERNATIONAL STANDARD BOOK NUMBER
International Standard Book Number 9789757427902
Qualifying information hadrback(v.1)
International Standard Book Number 9789754727919
Qualifying information hadrback(v.2)
040 ## - CATALOGING SOURCE
Original cataloging agency BGZ
Language of cataloging eng
Description conventions rda
Transcribing agency BGZ
Modifying agency TR-AnTOB
041 0# - LANGUAGE CODE
Language code of text/sound track or separate title Türkçe
050 00 - LIBRARY OF CONGRESS CALL NUMBER
Classification number KKX2620
090 ## - LOCALLY ASSIGNED LC-TYPE CALL NUMBER (OCLC); LOCAL CALL NUMBER (RLIN)
Classification number (OCLC) (R) ; Classification number, CALL (RLIN) (NR) KKX2620
Local cutter number (OCLC) ; Book number/undivided call number, CALL (RLIN) .B574 2017
245 00 - TITLE STATEMENT
Title Bireysel başvuru :
Remainder of title seçme kararlar 2016 /
Statement of responsibility, etc. Anayasa Mahkemesi.
264 #1 - PRODUCTION, PUBLICATION, DISTRIBUTION, MANUFACTURE, AND COPYRIGHT NOTICE
Place of production, publication, distribution, manufacture Ankara :
Name of producer, publisher, distributor, manufacturer Anayasa Mahkemesi Yayınları,
Date of production, publication, distribution, manufacture, or copyright notice 2017.
300 ## - PHYSICAL DESCRIPTION
Extent volumes ;
Dimensions 25 cm.
336 ## - CONTENT TYPE
Content type term text
Source rdacontent
337 ## - MEDIA TYPE
Media type term unmediated
Source rdamedia
338 ## - CARRIER TYPE
Carrier type term volume
Source rdacarrier
490 0# - SERIES STATEMENT
Series statement Anayasa Mahkemesi Yayınları
505 0# - FORMATTED CONTENTS NOTE
Formatted contents note Volume1 : 2016/1 -- Volume 2 : 2016/2.
650 #0 - SUBJECT ADDED ENTRY--TOPICAL TERM
9 (RLIN) 39581
Topical term or geographic name entry element Constitutional law
9 (RLIN) 38306
Topical term or geographic name entry element Constitutions
Geographic subdivision Turkey
9 (RLIN) 38301
Topical term or geographic name entry element Anayasalar
Geographic subdivision Türkiye
Source of heading or term etuturkob
Topical term or geographic name entry element Constitutional courts
Geographic subdivision Turkey.
9 (RLIN) 121208
Topical term or geographic name entry element Constitutional law
Geographic subdivision Turkey
9 (RLIN) 74257
Topical term or geographic name entry element Anayasa hukuku
Source of heading or term etuturkob
9 (RLIN) 39580
Topical term or geographic name entry element Anayasa hukuku
Geographic subdivision Türkiye
9 (RLIN) 116005
710 1# - ADDED ENTRY--CORPORATE NAME
Corporate name or jurisdiction name as entry element Türkiye
Subordinate unit Anayasa Mahkemesi
9 (RLIN) 120065
Corporate name or jurisdiction name as entry element Turkey.
Subordinate unit Anayasa Mahkemesi
9 (RLIN) 113632
942 ## - ADDED ENTRY ELEMENTS (KOHA)
Source of classification or shelving scheme Library of Congress Classification
Koha item type Book
Holdings
Withdrawn status Lost status Source of classification or shelving scheme Damaged status Not for loan Collection code Home library Current library Shelving location Date acquired Source of acquisition Inventory number Total Checkouts Full call number Barcode Date last seen Date shelved Koha item type Public note
    Library of Congress Classification Yeni / New Ödünç Verilebilir / Available Genel Koleksiyon Merkez Kütüphane Merkez Kütüphane Genel Koleksiyon / Main Collection 29/06/2017 Bağış / Donation HUK   KKX2620 .B574 2017 v.1 0054473 24/05/2018 29/06/2017 Book Anayasa Mahkemesi
    Library of Congress Classification Yeni / New Ödünç Verilebilir / Available Genel Koleksiyon Merkez Kütüphane Merkez Kütüphane Genel Koleksiyon / Main Collection 29/06/2017 Bağış / Donation HUK   KKX2620 .B574 2017 v.2 0054474 24/05/2018 29/06/2017 Book Anayasa Mahkemesi
Devinim Yazılım Eğitim Danışmanlık tarafından Koha'nın orjinal sürümü uyarlanarak geliştirilip kurulmuştur.